Ekonomické prínosy neziskových mimovládnych organizácií v cestovnom ruchu

Charakteristika a funkcie neziskových mimovládnych organizácií. Prínosy neziskových mimovládnych organizácií a dobrovoľníckej práce.

Gespeichert in:
Bibliographische Detailangaben
1. Verfasser: Šuterová, Viola, 1957-
Format: Buchkapitel
Sprache:Slowakisch
Schlagworte:
Tags: Tag hinzufügen
Keine Tags, Fügen Sie das erste Tag hinzu!

MARC

LEADER 00000naa a2200000 4500
001 0183436
005 20240502073134.9
041 0 |a slo 
044 |a SK 
245 1 0 |a Ekonomické prínosy neziskových mimovládnych organizácií v cestovnom ruchu  |c Viola Šuterová 
520 |a Charakteristika a funkcie neziskových mimovládnych organizácií. Prínosy neziskových mimovládnych organizácií a dobrovoľníckej práce. 
610 2 0 |a organizácie neziskové 
610 2 0 |a organizácie nevládne 
610 2 0 |a dobrovoľníctvo 
610 2 0 |a nadácie 
610 2 0 |a združenia občianske 
610 2 0 |a zamestnanosť 
610 2 0 |a práca 
610 2 0 |a ruch cestovný 
100 1 |a Šuterová, Viola, 1957-